[Event "AUTO-MASTER-104"]
[Site "http://www.queenalice.com/game.php?id=53023"]
[Date "2006.2.14"]
[Round "1"]
[White "joaoreis001"]
[Black "LOPOV"]
[Result "1-0"]
[WhiteElo "1717"]
[BlackElo "1619"]

1. e4 Nf6 2. Nc3 d6 3. Nf3 Nc6 4. Bb5 Bd7 5. Qe2 g6 6. Ng5 Bg7 7. d3 O-O 8. O-O
a6 9. Bc4 b5 10. Bb3 Nd4 11. Qd1 c5 12. Nd5 Nxb3 13. axb3 Nxd5 14. exd5 a5 15.
c3 h6 16. Ne4 f5 17. Ng3 f4 18. Nh1 e5 19. Qf3 Qc8 20. Qe4 Bf5 21. Qf3 Bg4 22.
Qe4 g5 23. f3 1-0

[Event "AUTO-MASTER-104"]
[Site "http://www.queenalice.com/game.php?id=53024"]
[Date "2006.2.14"]
[Round "1"]
[White "LOPOV"]
[Black "man_from_mars"]
[Result "0-1"]
[WhiteElo "1444"]
[BlackElo "1601"]

1. e4 e5 2. Nf3 Nc6 3. Bb5 Nf6 4. O-O Nxe4 5. d4 Nd6 6. Bxc6 dxc6 7. dxe5 Nf5 8.
Qxd8+ Kxd8 9. Rd1+ Ke8 10. Nc3 Ne7 11. Bg5 h6 12. Be3 a5 13. Rd3 Bf5 14. Rd2 Rd8
15. Rad1 Rxd2 16. Rxd2 Ng6 17. Ne2 c5 18. Ng3 Be6 19. b3 Bd7 20. c4 Be7 21. Ne4
b6 22. Nc3 Kd8 23. Nd5 Kc8 24. g3 Rd8 25. Nxe7+ Nxe7 26. Nh4 Nc6 27. f4 Rg8 28.
Kg2 g5 0-1

[Event "AUTO-MASTER-104"]
[Site "http://www.queenalice.com/game.php?id=53025"]
[Date "2006.2.14"]
[Round "1"]
[White "man_from_mars"]
[Black "LOPOV"]
[Result "1-0"]
[WhiteElo "1833"]
[BlackElo "1519"]

1. e4 c5 2. Nf3 d6 3. d4 cxd4 4. Nxd4 Nf6 5. Nc3 a6 6. Be3 Nc6 7. Be2 Nxd4 8.
Qxd4 e5 9. Qd2 Be7 10. O-O-O b5 11. f3 b4 12. Na4 Qa5 13. b3 Rb8 14. Kb1 Bd7 15.
Nb2 Bb5 16. Bc4 Bxc4 17. Nxc4 Qc7 18. g4 a5 19. g5 Nd7 20. Nxd6+ Bxd6 21. Qxd6
Qxd6 22. Rxd6 Rf8 23. Rhd1 Rb7 24. h4 h6 25. gxh6 gxh6 26. Rxh6 Ke7 27. h5 Rbb8
28. Rhd6 1-0

[Event "AUTO-OPEN-221"]
[Site "http://www.queenalice.com/game.php?id=53129"]
[Date "2006.2.15"]
[Round "1"]
[White "cafa83"]
[Black "LOPOV"]
[Result "1-0"]
[WhiteElo "1473"]
[BlackElo "1538"]

1. e4 c5 2. d4 cxd4 3. Qxd4 Nc6 4. Qd1 e5 5. a3 Nf6 6. f3 Bc5 7. Nc3 O-O 8. Nd5
Nxd5 9. Qxd5 Bb6 10. f4 exf4 11. Bxf4 Qf6 12. Nh3 Qxb2 13. Rd1 Qxc2 14. Bd3 Qc3+
15. Bd2 Qxa3 16. e5 Re8 17. Bc4 Qe7 18. Kf1 Nxe5 19. Bg5 Qe6 20. Qxe6 dxe6 21.
Bd2 Nxc4 22. Ke2 Nxd2 23. Rxd2 Ba5 24. Ra2 b6 25. Ke3 Bb7 26. Rg1 Rac8 27. Rf1
Bxg2 28. Rxg2 Rc3+ 29. Kf4 Rxh3 30. Kg4 Rd3 31. Rc1 f5+ 32. Kh4 Red8 33. Rcg1
1-0

[Event "AUTO-OPEN-221"]
[Site "http://www.queenalice.com/game.php?id=53130"]
[Date "2006.2.15"]
[Round "1"]
[White "LOPOV"]
[Black "cafa83"]
[Result "1-0"]
[WhiteElo "1591"]
[BlackElo "1511"]

1. e4 e5 2. Nf3 d6 3. d4 f6 4. dxe5 Bg4 5. exf6 Nxf6 6. Nc3 c6 7. Bc4 b5 8. Bb3
Qe7 9. O-O Nxe4 10. Nxe4 Qxe4 11. Re1 Qxe1+ 12. Qxe1+ Be7 13. Bg5 Bxf3 14. Qxe7#
1-0

[Event "AUTO-OPEN-221"]
[Site "http://www.queenalice.com/game.php?id=53145"]
[Date "2006.2.15"]
[Round "1"]
[White "bmax1968"]
[Black "LOPOV"]
[Result "1-0"]
[WhiteElo "1945"]
[BlackElo "1653"]

1. c4 Nf6 2. Nc3 c5 3. g3 g6 4. Bg2 Nc6 5. Nf3 Bg7 6. O-O O-O 7. d4 cxd4 8. Nxd4
Rb8 9. Bf4 Nxd4 10. Bxb8 Nc6 11. Bf4 Re8 12. a3 d6 13. Rb1 e5 14. Bg5 Be6 15. b3
Qc7 16. Nb5 Qa5 17. Qxd6 Rd8 18. Qc7 Qxc7 19. Nxc7 Nd4 20. Nxe6 Nxe2+ 21. Kh1
Rd3 22. Nxg7 Kxg7 23. Bxf6+ Kxf6 24. Bxb7 Nd4 25. c5 Nxb3 26. c6 Rc3 27. Rfd1
Nd4 28. Rbc1 1-0

[Event "AUTO-OPEN-221"]
[Site "http://www.queenalice.com/game.php?id=53146"]
[Date "2006.2.15"]
[Round "1"]
[White "LOPOV"]
[Black "bmax1968"]
[Result "0-1"]
[WhiteElo "1579"]
[BlackElo "1938"]

1. e4 d6 2. d4 Nf6 3. Nc3 g6 4. f4 Bg7 5. Be2 O-O 6. Be3 Nbd7 7. Qd2 e5 8. fxe5
dxe5 9. Bh6 Bxh6 10. Qxh6 exd4 11. Nd5 Re8 12. O-O-O Rxe4 13. Nxf6+ Qxf6 14. Bd3
Rh4 15. Qd2 Ne5 16. g3 Rg4 17. Ne2 Nxd3+ 18. Qxd3 Bf5 19. Qb5 Qg5+ 20. Nf4 Rxf4
21. gxf4 Qxf4+ 22. Kb1 Qe4 23. Rd2 Qxh1+ 0-1

[Event "AUTO-OPEN-167"]
[Site "http://www.queenalice.com/game.php?id=54527"]
[Date "2006.2.24"]
[Round "2"]
[White "trompmaster"]
[Black "LOPOV"]
[Result "1-0"]
[WhiteElo "1945"]
[BlackElo "1649"]

1. d4 Nf6 2. Bg5 d5 3. e3 Bf5 4. Bd3 Bg6 5. f4 e6 6. Nf3 c5 7. c3 cxd4 8. exd4
Bd6 9. Ne5 Nbd7 10. Qe2 Bxd3 11. Qxd3 Qb6 12. Qc2 h6 13. Bxf6 Nxf6 14. O-O Bxe5
15. fxe5 Ne4 16. Nd2 Nxd2 17. Qxd2 O-O 18. Rf3 f6 19. exf6 Rxf6 20. Rxf6 gxf6
21. Qxh6 Kf7 22. Qh7+ 1-0

[Event "AUTO-OPEN-167"]
[Site "http://www.queenalice.com/game.php?id=54528"]
[Date "2006.2.24"]
[Round "2"]
[White "LOPOV"]
[Black "trompmaster"]
[Result "0-1"]
[WhiteElo "1596"]
[BlackElo "1970"]

1. e4 d6 2. d4 Nf6 3. Nc3 Nbd7 4. f4 e5 5. Nf3 Qe7 6. Bc4 h6 7. O-O c6 8. fxe5
dxe5 9. dxe5 Nxe5 10. Nxe5 Qxe5 11. Kh1 Be7 12. Bf4 Qc5 13. Bb3 Bg4 14. Qe1 O-O
15. Qg3 Qh5 16. e5 Nh7 17. Rae1 Bh4 18. Qe3 Bxe1 19. Rxe1 Rfe8 20. Ne4 Be6 21.
Bxe6 Rxe6 0-1

[Event "AUTO-OPEN-164"]
[Site "http://www.queenalice.com/game.php?id=56768"]
[Date "2006.3.11"]
[Round "2"]
[White "LOPOV"]
[Black "vindaloo"]
[Result "0-1"]
[WhiteElo "1455"]
[BlackElo "1765"]

1. e4 e5 2. Nf3 d6 3. d4 exd4 4. Nxd4 Nf6 5. Nc3 Be7 6. Bc4 a6 7. O-O Nbd7 8.
Nf5 O-O 9. Qf3 Ne5 10. Qe2 Nxe4 11. Nxe7+ Qxe7 12. Nxe4 Bg4 13. Bxf7+ Qxf7 14.
Qe3 Qg6 15. Re1 Bf3 16. Ng3 Bd5 17. c4 Bc6 0-1

[Event "AUTO-OPEN-164"]
[Site "http://www.queenalice.com/game.php?id=56769"]
[Date "2006.3.11"]
[Round "2"]
[White "vindaloo"]
[Black "LOPOV"]
[Result "1-0"]
[WhiteElo "1769"]
[BlackElo "1451"]

1. e4 c5 2. Bc4 d6 3. Nc3 Nf6 4. Nge2 Nc6 5. Nf4 e6 6. d3 Be7 7. Nh5 Nxh5 8.
Qxh5 O-O 9. O-O Nd4 10. Qd1 a6 11. a3 b5 12. Ba2 Bb7 13. Ne2 Qc7 14. Nxd4 cxd4
15. Re1 Rac8 16. Bb3 d5 17. e5 f6 18. Qg4 f5 19. Qg3 a5 20. Bh6 Rf7 21. a4 b4
22. Bg5 Bxg5 23. Qxg5 1-0